Салауат сәләме (Запись № 10815112)

Подробности
000 -МАРКЕР
контрольное поле 01612nam0a2200313 4500
001 - ИДЕНТИФИКАТОР ЗАПИСИ
контрольное поле RU\NLR\BIBL_A\011574495
005 - ИДЕНТИФИКАТОР ВЕРСИИ
контрольное поле 20250626093959.0
010 ## - МЕЖДУНАРОДНЫЙ СТАНДАРТНЫЙ НОМЕР КНИГИ (ISBN)
Номер (ISBN) 978-5-295-06752-5
Тираж 1000
021 ## - НОМЕР ГОСУДАРСТВЕННОЙ РЕГИСТРАЦИИ
Код страны Российская Федерация
Номер 2017-62940
Номер Листа государственной регистраци 4457
035 ## - ДРУГИЕ СИСТЕМНЫЕ НОМЕРА
Идентификатор записи (NLR Aleph) 011574495
100 ## - ДАННЫЕ ОБЩЕЙ ОБРАБОТКИ
Данные общей обработки 20171226d2017 |||y0rusy50 ca
101 0# - ЯЗЫК РЕСУРСА
Язык текста, звукозаписи и т.д. башкирский
102 ## - СТРАНА ПУБЛИКАЦИИ ИЛИ ПРОИЗВОДСТВА
Страна публикации Российская Федерация
105 ## - ПОЛЕ КОДИРОВАННЫХ ДАННЫХ: ТЕКСТОВЫЕ МАТЕРИАЛЫ, МОНОГРАФИЧЕСКИЕ
Кодированные данные о монографическом текстовом документе c z 000 y
200 1# - ЗАГЛАВИЕ И СВЕДЕНИЯ ОБ ОТВЕТСТВЕННОСТИ
Основное заглавие Салауат сәләме
Сведения, относящиеся к заглавию [шиғырҙар]
Первые сведения об ответственности Буранбай Исҡужин
210 ## - ПУБЛИКАЦИЯ, РАСПРОСТРАНЕНИЕ И ДР.
Место издания, распространения и т.д. Өфө
Имя издателя, распространителя и т. д. Китап
Дата издания, распространения и т.д. 2017
215 ## - ФИЗИЧЕСКАЯ ХАРАКТЕРИСТИКА
Специфическое обозначение материала и объем 260,[2] б.
Другие сведения о физической характеристике портр.
Размеры 17
300 ## - ОБЩИЕ ПРИМЕЧАНИЯ
Текст примечания В вып. дан. 1 и 2 авт.: Искужин Буранбай (Буребай) Махмутович, Халилов Аксан (Кинзя) Насретдинович
423 #0 - ИЗДАЕТСЯ В ОДНОЙ ОБЛОЖКЕ ВМЕСТЕ С ...
Встроенное поле 2001#$aӨмөтдар$fӘҡсән Хәлилов
-- 210##$aӨфө$d2017
-- 215##$aС. 103-198
-- 700#1$aХәлилов$bӘ. Н.$f1959-$gӘҡсән Насретдин улы
Заглавие Өмөтдар
Автор Хәлилов, Әҡсән Насретдин улы (1959-)
423 #0 - ИЗДАЕТСЯ В ОДНОЙ ОБЛОЖКЕ ВМЕСТЕ С ...
Встроенное поле 2001#$aБерләм юл$fФәрит Әхмәтов
-- 210##$aӨфө$d2017
-- 215##$aС. 199-261
-- 700#1$aӘхмәтов$bФ. Й.$gФәрит Йәгәфәр улы
Заглавие Берләм юл
Автор Әхмәтов, Фәрит Йәгәфәр улы
541 1# - ПЕРЕВОД ЗАГЛАВИЯ, СДЕЛАННЫЙ КАТАЛОГИЗАТОРОМ
Связь между полями z01790
Заглавие Приветствие Салавата
Сведения, относящиеся к заглавию стихи.
Язык заглавия русский
686 1# - ИНДЕКСЫ ДРУГИХ КЛАССИФИКАЦИЙ
Индекс Ш6(2=Баш)7-5
700 #1 - ИМЯ ЛИЦА - ПЕРВИЧНАЯ ОТВЕТСТВЕННОСТЬ
Начальный элемент ввода Исҡужин
Часть имени, кроме начального элемента ввода Б.
Даты 1952-
Расширение инициалов личного имени Буранбай
790 #1 - ИМЯ ЛИЦА - АЛЬТЕРНАТИВНАЯ ФОРМА
Связь между полями z01541
Начальный элемент ввода Искужин
Часть имени, кроме начального элемента ввода Б.
Расширение инициалов личного имени Буранбай
Код отношения Автор
852 ## - МЕСТОНАХОЖДЕНИЕ И ШИФР ХРАНЕНИЯ
Идентификатор организации NLR
Наименование фонда или коллекции (Sub-Location Identifier) ОНЛ
Шифр хранения (Call Number) Башк./2-5097
942 ## - ДОПОЛНИТЕЛЬНЫЕ ЭЛЕМЕНТЫ ЗАПИСИ (АБИС)
Тип экземпляра АБИС Книга
980 ## - КОЛЛЕКЦИЯ
Название коллекции Национальная библиография
Экземпляры
Тип экземпляра Дата поступления Источник поступления Библиотека постоянного хранения Библиотека текущего хранения Место хранения Шифр хранения Штрих-код Статус экземпляра
Книга 26.12.2017 Обязательный экземпляр РНБ (Московский) РНБ (Московский) Фонд национальных литератур ОНЛ Башк./2-5097 1-1450471